000 00863nam a2200217 a 4500
001 1486
003 BR-CuiBMT
005 20231212163227.0
008 231212s2018 scba 000 0 por d
040 _aBR-CuiBMT
_cBR-CuiBMT
080 _22007
_a347.991
_x(816.4)
090 _a347.991(816.4)
_bT822p
110 1 _aTribunal de Contas de Santa Catarina
245 1 0 _aPara onde vai o seu dinheiro 16 :
_bversão simplificada do parecer prévio sobre as contas prestadas pelo Governador do Estado ao Tribunal de Contas de Santa Catarina: exercício 2017 /
_cTribunal de Contas de Santa Catarina.
260 _aFlorianópolis :
_bTribunal de Contas de Santa Catarina,
_c2018.
300 _a110 p. :
_bil. color. ;
_c21 cm
504 _aInclui bibliografia.
650 _aAdministração pública
_vcontas
650 _aTribunal de contas
_vparecer
942 _2udc
_cLV
999 _c1486
_d1486